[Event "Catalunya-chT Gp1 Title"]
[Site "Barcelona"]
[Date "2025.03.15"]
[Round "4.8"]
[White "Jareno Badenas, Aleix"]
[Black "Castelltort Fernandez, Antonio"]
[Result "1/2-1/2"]
[WhiteElo "2134"]
[BlackElo "2127"]
[PlyCount "28"]
[EventDate "2025.02.22"]
[EventType "team-k.o."]
[EventRounds "4"]
[EventCountry "ESP"]
[SourceTitle "CB18_2025"]
[SourceDate "2025.04.30"]
[SourceVersion "1"]
[SourceVersionDate "2025.04.30"]
[SourceQuality "1"]
[WhiteTeam "Colon Sabadell"]
[BlackTeam "Sant Andreu"]
[WhiteTeamCountry "ESP"]
[BlackTeamCountry "ESP"]

1. Nf3 f5 2. e4 fxe4 3. Ng5 Nf6 4. d3 e5 5. dxe4 h6 6. Nf3 Nc6 7. Bc4 Bc5 8. 0-0 d6 9. h3 g5 10. Nh2 Na5 11. Be2 Be6 12. c3 Nc6 13. Be3 Bxe3 14. fxe3 0-0 1/2-1/2

[Event "Catalunya-chT Gp1 Title"]
[Site "Barcelona"]
[Date "2025.02.22"]
[Round "1.10"]
[White "Moran Cabezas, Eric"]
[Black "Jareno Badenas, Aleix"]
[Result "0-1"]
[WhiteElo "1928"]
[BlackElo "2134"]
[PlyCount "44"]
[EventDate "2025.02.22"]
[EventType "team-k.o."]
[EventRounds "4"]
[EventCountry "ESP"]
[SourceTitle "CB11_2025"]
[SourceDate "2025.03.12"]
[SourceVersion "1"]
[SourceVersionDate "2025.03.12"]
[SourceQuality "1"]
[WhiteTeam "Platja D'Aro"]
[BlackTeam "Colon Sabadell"]
[WhiteTeamCountry "ESP"]
[BlackTeamCountry "ESP"]

1. d4 Nf6 2. c4 c5 3. Nf3 cxd4 4. Nxd4 e5 5. Nf3 Bc5 6. e3 Nc6 7. Nc3 0-0 8. Be2 d6 9. 0-0 a6 10. a3 Bf5 11. b3 Re8 12. Bb2 h6 13. Re1 Bg6 14. Nd5 Nxd5 15. Qxd5 e4 16. Nd4 Ne7 17. Ne6 Qc8 18. Qd2 Qxe6 19. b4 Ba7 20. Qc3 f6 21. c5 Bf7 22. cxd6 Qxd6 0-1

[Event "Catalunya-chT Gp2"]
[Site "Barcelona"]
[Date "2025.02.08"]
[Round "4.9"]
[White "Jareno Badenas, Aleix"]
[Black "Catala Ulied, Bernat"]
[Result "1/2-1/2"]
[WhiteElo "2127"]
[BlackElo "1968"]
[PlyCount "36"]
[EventDate "2025.01.18"]
[EventType "team-tourn"]
[EventRounds "5"]
[EventCountry "ESP"]
[SourceTitle "CB10_2025"]
[SourceDate "2025.03.05"]
[SourceVersion "1"]
[SourceVersionDate "2025.03.05"]
[SourceQuality "1"]
[WhiteTeam "Colon Sabadell"]
[BlackTeam "Vila Olimpica"]
[WhiteTeamCountry "ESP"]
[BlackTeamCountry "ESP"]

1. Nf3 d5 2. g3 Nf6 3. Bg2 e6 4. 0-0 Be7 5. d3 0-0 6. Nbd2 b6 7. e4 dxe4 8. dxe4 Bb7 9. e5 Nfd7 10. Re1 c5 11. Nf1 Qc7 12. c3 Nc6 13. Bf4 Rfd8 14. Qe2 Nf8 15. h4 Ng6 16. Ng5 Nxf4 17. gxf4 Bxg5 18. hxg5 Ne7 1/2-1/2

[Event "Barbera del Valles op 41st"]
[Site "Barbera del Valles"]
[Date "2018.07.08"]
[Round "5"]
[White "Ghelani, Dhairya"]
[Black "Jareno Badenas, Aleix"]
[Result "1-0"]
[WhiteElo "1778"]
[BlackElo "2102"]
[PlyCount "105"]
[EventDate "2018.07.04"]
[EventType "swiss"]
[EventRounds "9"]
[EventCountry "ESP"]
[SourceTitle "CBM 185 Extra"]
[Source "ChessBase"]
[SourceDate "2018.07.29"]
[SourceVersion "1"]
[SourceVersionDate "2018.07.29"]
[SourceQuality "1"]

1. d4 Nf6 2. c4 c5 3. d5 e6 4. Nc3 exd5 5. cxd5 d6 6. Nf3 g6 7. Nd2 Nbd7 8. e4 Bg7 9. Be2 0-0 10. 0-0 Ne5 11. f4 Neg4 12. Nc4 Re8 13. h3 Nh6 14. e5 dxe5 15. fxe5 Nd7 16. e6 fxe6 17. dxe6 Nb6 18. Qxd8 Rxd8 19. e7 Re8 20. Bg5 Nf5 21. Nxb6 Bd4+ 22. Kh2 Be5+ 23. Bf4 Bxf4+ 24. Rxf4 axb6 25. Nd5 Be6 26. Nc7 Bf7 27. Nxa8 Rxa8 28. Raf1 Bd5 29. a3 Nxe7 30. Bc4 Bxc4 31. Rxc4 Nf5 32. Re4 Rd8 33. Rf2 Rd3 34. Re8+ Kg7 35. Rb8 Rd7 36. Re8 Kf7 37. Re4 Kg7 38. Re6 b5 39. Re5 b6 40. Re6 Rd6 41. Rxd6 Nxd6 42. b3 c4 43. Rd2 Nf7 44. bxc4 bxc4 45. Rb2 Kf6 46. Rxb6+ Ke5 47. a4 Kd5 48. a5 c3 49. a6 c2 50. a7 c1Q 51. a8Q+ Kd4 52. Qa4+ Ke5 53. Qe8+ 1-0

[Event "Barbera del Valles op 41st"]
[Site "Barbera del Valles"]
[Date "2018.07.04"]
[Round "1"]
[White "Oliva Castaneda, Kevel"]
[Black "Jareno Badenas, Aleix"]
[Result "1-0"]
[WhiteElo "2491"]
[BlackElo "2102"]
[PlyCount "71"]
[EventDate "2018.07.04"]
[EventType "swiss"]
[EventRounds "9"]
[EventCountry "ESP"]
[SourceTitle "CBM 185 Extra"]
[Source "ChessBase"]
[SourceDate "2018.07.29"]
[SourceVersion "1"]
[SourceVersionDate "2018.07.29"]
[SourceQuality "1"]

1. e4 e6 2. d4 d5 3. Nd2 Nc6 4. Ngf3 Nf6 5. e5 Ne4 6. Bd3 Nxd2 7. Bxd2 Nb4 8. Be2 c5 9. c3 Nc6 10. 0-0 Qb6 11. Qc2 Be7 12. dxc5 Qxc5 13. Bd3 h6 14. a4 Qb6 15. b4 Bd7 16. Qd1 Rc8 17. Re1 0-0 18. Bc2 f6 19. exf6 Bxf6 20. Rc1 Qc7 21. Qe2 Rcd8 22. Qd3 Ne7 23. Qh7+ Kf7 24. Bxh6 Rg8 25. g3 Nf5 26. Bf4 Qc8 27. Ng5+ Bxg5 28. Qh5+ g6 29. Qxg5 Rde8 30. g4 Ne7 31. Be5 Ref8 32. Re3 Ke8 33. Rce1 Qc6 34. b5 Qc8 35. Bd6 Nf5 36. Bxf5 1-0

[Event "Barcelona Sants op 19th"]
[Site "Barcelona"]
[Date "2017.08.18"]
[Round "1"]
[White "Jareno Badenas, Aleix"]
[Black "Tari, Aryan"]
[Result "0-1"]
[WhiteElo "2113"]
[BlackElo "2591"]
[PlyCount "62"]
[EventDate "2017.08.18"]
[EventType "swiss"]
[EventRounds "10"]
[EventCountry "ESP"]
[SourceTitle "CBM 180 Extra"]
[Source "ChessBase"]
[SourceDate "2017.10.06"]
[SourceVersion "1"]
[SourceVersionDate "2017.10.06"]
[SourceQuality "1"]

1. e4 c5 2. Nf3 d6 3. d4 cxd4 4. Nxd4 Nf6 5. Nc3 a6 6. Be3 e5 7. Nb3 Be6 8. f3 Be7 9. Qd2 h5 10. a4 Nbd7 11. a5 0-0 12. Be2 Qc7 13. 0-0 Rfc8 14. Rfd1 Bc4 15. Bxc4 Qxc4 16. Qf2 Qe6 17. Rd2 Rc4 18. Rad1 Rac8 19. h3 Nf8 20. Bg5 N8h7 21. Be3 h4 22. Qe1 Nh5 23. Bf2 g5 24. Nd5 Rxc2 25. Nxe7+ Qxe7 26. Rxd6 Rxb2 27. Nc5 Nf8 28. Nd7 Rcc2 29. Nxf8 Rxf2 30. Rd8 Rxg2+ 31. Kf1 Kg7 0-1

[Event "Catalunya-chT Gp1 final"]
[Site "Barcelona"]
[Date "2016.04.02"]
[Round "2.1"]
[White "Alvarez Albiol, Victor"]
[Black "Jareno Badenas, Aleix"]
[Result "0-1"]
[WhiteElo "1967"]
[BlackElo "2059"]
[PlyCount "56"]
[EventDate "2016.03.12"]
[EventType "team-tourn"]
[EventRounds "4"]
[EventCountry "ESP"]
[SourceTitle "EXT 2017"]
[Source "ChessBase"]
[SourceDate "2016.10.25"]
[SourceVersion "1"]
[SourceVersionDate "2016.10.25"]
[SourceQuality "1"]
[WhiteTeam "Foment Martinenc"]
[BlackTeam "Colon Sabadell"]
[WhiteTeamCountry "ESP"]
[BlackTeamCountry "ESP"]

1. e4 e6 2. d4 d5 3. Nd2 Nf6 4. e5 Nfd7 5. f4 c5 6. c3 Nc6 7. Ndf3 Qb6 8. Ne2 cxd4 9. cxd4 Bb4+ 10. Kf2 f6 11. Be3 0-0 12. g3 fxe5 13. fxe5 Ndxe5 14. dxe5 Rxf3+ 15. Kxf3 Nxe5+ 16. Kg2 Qxe3 17. Ng1 Bc5 18. Qe2 Nc4 19. b3 Qxe2+ 20. Bxe2 Ne3+ 21. Kf3 e5 22. Rc1 Bg4+ 23. Kf2 Rf8+ 24. Nf3 Bb6 25. a4 a5 26. h3 Bxf3 27. Bxf3 e4 28. Ke2 exf3+ 0-1

[Event "Barcelona Catalunya Tancat"]
[Site "Barcelona"]
[Date "2014.11.08"]
[Round "6"]
[White "Vigo Allepuz, David"]
[Black "Jareno Badenas, Aleix"]
[Result "1/2-1/2"]
[WhiteElo "2033"]
[BlackElo "2097"]
[PlyCount "171"]
[EventDate "2014.09.27"]
[EventType "tourn"]
[EventRounds "9"]
[EventCountry "ESP"]
[SourceTitle "EXT 2017"]
[Source "ChessBase"]
[SourceDate "2016.10.25"]
[SourceVersion "1"]
[SourceVersionDate "2016.10.25"]
[SourceQuality "1"]

1. e4 e6 2. d4 d5 3. Bd3 dxe4 4. Bxe4 Nf6 5. Bf3 c5 6. Ne2 Nc6 7. Bxc6+ bxc6 8. 0-0 Ba6 9. c3 cxd4 10. cxd4 Be7 11. Nbc3 0-0 12. Qa4 Qb6 13. a3 Rfd8 14. b4 Nd5 15. Re1 Nxc3 16. Nxc3 Bb5 17. Qb3 Qxd4 18. Be3 Qc4 19. Qxc4 Bxc4 20. Rad1 Bd5 21. Rb1 Rdc8 22. Rec1 a5 23. Nxd5 exd5 24. Bc5 Kf8 25. Kf1 axb4 26. axb4 Bxc5 27. Rxc5 Rab8 28. Ke2 Rb5 29. Kd3 Ke7 30. Rbc1 Rxb4 31. Rxd5 Rb3+ 32. Kd4 cxd5 33. Rxc8 Rb4+ 34. Ke3 Re4+ 35. Kd3 Ra4 36. Rc7+ Ke6 37. Rc2 Ke5 38. Re2+ Re4 39. Rb2 Rd4+ 40. Ke3 Ra4 41. Re2 Kd6 42. Kd3 g6 43. g3 h6 44. h4 Ra3+ 45. Kd4 Ra4+ 46. Kd3 g5 47. hxg5 hxg5 48. Rc2 Ke5 49. Re2+ Re4 50. Rb2 Re1 51. Rb7 Ke6 52. Rb2 Rd1+ 53. Ke2 Ra1 54. Kd3 Ra3+ 55. Kd4 Ra4+ 56. Kd3 f6 57. Re2+ Kd6 58. Rb2 Ke5 59. Re2+ Re4 60. Rb2 Re1 61. Kd2 Ra1 62. Kd3 Ra3+ 63. Ke2 g4 64. Rb5 Ke4 65. Rb6 Ra2+ 66. Ke1 f5 67. Re6+ Kd3 68. Re3+ Kc4 69. Re5 d4 70. Rxf5 Kd3 71. Kf1 Ra1+ 72. Kg2 Kc2 73. Rc5+ Kd2 74. f3 gxf3+ 75. Kxf3 d3 76. g4 Rf1+ 77. Kg2 Rf8 78. Rf5 Rg8 79. Kf3 Kc2 80. Rc5+ Kd1 81. g5 d2 82. Rd5 Kc2 83. Kf4 d1Q 84. Rxd1 Kxd1 85. Kf5 Rxg5+ 86. Kxg5 1/2-1/2

[Event "Barbera del Valles op 36th"]
[Site "Barbera del Valles"]
[Date "2013.07.05"]
[Round "2"]
[White "Cruz Lledo, Pablo"]
[Black "Jareno Badenas, Aleix"]
[Result "1-0"]
[WhiteElo "2258"]
[BlackElo "2114"]
[PlyCount "93"]
[EventDate "2013.07.04"]
[EventType "swiss"]
[EventRounds "9"]
[EventCountry "ESP"]
[SourceTitle "CBM 155 Extra"]
[Source "ChessBase"]
[SourceDate "2013.08.26"]
[SourceVersion "1"]
[SourceVersionDate "2013.08.26"]
[SourceQuality "1"]

1. d4 Nf6 2. c4 g6 3. Nc3 Bg7 4. e4 d6 5. g3 0-0 6. Bg2 Nbd7 7. Nge2 e5 8. 0-0 exd4 9. Nxd4 Re8 10. b3 a6 11. Bb2 Rb8 12. Qd2 c5 13. Nc2 b5 14. cxb5 axb5 15. Rfe1 Qa5 16. Qxd6 b4 17. Nd5 Re6 18. Qc7 Qxc7 19. Nxc7 Re7 20. e5 Ng4 21. f4 Nb6 22. Nd5 Nxd5 23. Bxd5 Nh6 24. Ne3 Nf5 25. a4 bxa3 26. Bxa3 Nxe3 27. Rxe3 Rc7 28. Rc1 Bf8 29. Bb2 Be6 30. Bxe6 fxe6 31. Rec3 Rcb7 32. Ba3 Rxb3 33. Rxb3 Rxb3 34. Bxc5 Bxc5+ 35. Rxc5 Rb7 36. Kg2 Kf7 37. Kh3 h5 38. Kh4 Kg7 39. Kg5 Rf7 40. Rc6 Rf5+ 41. Kh4 Kf7 42. Rc7+ Kf8 43. Ra7 g5+ 44. fxg5 Rxe5 45. Kxh5 Re2 46. h4 e5 47. g6 1-0

[Event "Barbera del Valles op 36th"]
[Site "Barbera del Valles"]
[Date "2013.07.04"]
[Round "1"]
[White "Jareno Badenas, Aleix"]
[Black "Perpinya Rofes, Lluis Maria"]
[Result "0-1"]
[WhiteElo "2114"]
[BlackElo "2400"]
[PlyCount "42"]
[EventDate "2013.07.04"]
[EventType "swiss"]
[EventRounds "9"]
[EventCountry "ESP"]
[SourceTitle "CBM 155 Extra"]
[Source "ChessBase"]
[SourceDate "2013.08.26"]
[SourceVersion "1"]
[SourceVersionDate "2013.08.26"]
[SourceQuality "1"]

1. e4 c5 2. Nf3 d6 3. d4 Nf6 4. Nc3 cxd4 5. Qxd4 a6 6. Bg5 Nc6 7. Qd2 e6 8. 0-0-0 Be7 9. Nd4 Bd7 10. f3 0-0 11. h4 b5 12. Nxc6 Bxc6 13. g4 Rc8 14. Bf4 b4 15. Ne2 Qa5 16. Kb1 Nxe4 17. Qe3 Nf6 18. g5 Nd5 19. Qc1 b3 20. axb3 Nb4 21. Qe3 Bxf3 0-1

[Event "Barbera del Valles op 35th"]
[Site "Barbera del Valles"]
[Date "2012.07.04"]
[Round "1"]
[White "Sanchez Ibern, Marc"]
[Black "Jareno Badenas, Aleix"]
[Result "1-0"]
[WhiteElo "2364"]
[BlackElo "2002"]
[PlyCount "153"]
[EventDate "2012.07.04"]
[EventType "swiss"]
[EventRounds "9"]
[EventCountry "ESP"]
[SourceTitle "CBM 149 Extra"]
[Source "ChessBase"]
[SourceDate "2012.08.24"]
[SourceVersion "1"]
[SourceVersionDate "2012.08.24"]
[SourceQuality "1"]

1. e4 e6 2. d4 d5 3. Nc3 Nf6 4. Bg5 Bb4 5. e5 h6 6. Bc1 Ne4 7. Qg4 g6 8. Nge2 Nxc3 9. bxc3 Be7 10. h4 h5 11. Qf4 c5 12. Rh3 Nc6 13. dxc5 Bxc5 14. Nd4 Nxd4 15. cxd4 Bb4+ 16. c3 Be7 17. a4 Bd7 18. Bd2 Rc8 19. a5 a6 20. Bd3 Bb5 21. Rb1 Bc6 22. Rf3 Rf8 23. Qh6 Kd7 24. Qg7 Qe8 25. g3 Rd8 26. Rb6 Kc7 27. Bh6 Rd7 28. Rb3 Ba4 29. Rb1 Bc6 30. Bxg6 fxg6 31. Rxf8 Bxf8 32. Qxf8 Qxf8 33. Bxf8 Bb5 34. Kd2 Rf7 35. Bd6+ Kd7 36. Ke3 Ke8 37. f3 Rf5 38. Rh1 Kf7 39. Bc7 Ke8 40. Rh2 Ke7 41. Bd6+ Kf7 42. Ba3 Kg7 43. Be7 Kh6 44. Bf6 Bc4 45. Rb2 Bb5 46. Rb4 Kh7 47. Rb1 Kh6 48. Ra1 Bc4 49. Kf2 Bb5 50. Re1 Bc4 51. Kg2 Kh7 52. Kf2 Bb5 53. Ke3 Bc4 54. Rg1 Bb5 55. Rg2 Kh6 56. Rf2 Bc4 57. Kd2 Kh7 58. Kc2 Kg8 59. Kb2 Kf7 60. Ka3 Ke8 61. Kb4 Kd7 62. Kc5 Kc7 63. f4 Bb5 64. Rb2 Kd7 65. Kb6 Bc6 66. Ka7 Kc8 67. Rb1 Bb5 68. Kb6 Bc6 69. Rb4 Kd7 70. Ka7 Kc8 71. c4 dxc4 72. Rxc4 Kd7 73. Rc3 Ke8 74. Kb6 Kd7 75. Rc1 Ke8 76. Rxc6 bxc6 77. Kxc6 1-0

[Event "Llinars del Valles op-A 6th"]
[Site "Llinars del Valles"]
[Date "2012.04.28"]
[Round "3"]
[White "Jareno Badenas, Aleix"]
[Black "Jimenez Ruano, Adrian"]
[Result "1-0"]
[WhiteElo "1970"]
[BlackElo "1733"]
[PlyCount "105"]
[EventDate "2012.04.14"]
[EventType "swiss"]
[EventRounds "9"]
[EventCountry "ESP"]
[SourceTitle "EXT 2013"]
[Source "ChessBase"]
[SourceDate "2012.11.22"]
[SourceVersion "1"]
[SourceVersionDate "2012.11.22"]
[SourceQuality "1"]

1. e4 c5 2. Nc3 Nc6 3. Nge2 Nf6 4. d4 cxd4 5. Nxd4 e5 6. Ndb5 d6 7. Bg5 a6 8. Na3 Be7 9. Bxf6 Bxf6 10. Nd5 Bg5 11. Bd3 0-0 12. 0-0 Be6 13. c4 Ne7 14. Qh5 Ng6 15. g3 Nh8 16. f4 exf4 17. gxf4 Bh4 18. Kh1 g6 19. Rg1 Bxd5 20. Qxd5 Qf6 21. Qh5 Bf2 22. Rg2 Qxb2 23. Nc2 Qc3 24. Qf3 Bc5 25. f5 f6 26. e5 g5 27. e6 Rae8 28. Rd1 Re7 29. Ne3 Bxe3 30. Qxe3 Qe5 31. Qd2 Rd8 32. Re1 Qd4 33. Qe3 Qxe3 34. Rxe3 d5 35. cxd5 Rxd5 36. Rc2 Kg7 37. Rf3 h5 38. Rc8 h4 39. Bc2 Rd2 40. Rfc3 b5 41. Rd3 Rxd3 42. Bxd3 Ra7 43. Kg2 b4 44. Rb8 a5 45. Kf3 Rc7 46. Ke2 Rc5 47. Rb7+ Kg8 48. Rb5 Rc1 49. Rxa5 Rh1 50. Ra8+ Kg7 51. e7 Rxh2+ 52. Ke1 Rh1+ 53. Bf1 1-0